000 01069nam a22002417a 4500
005 20170123164142.0
010 _aB-065306
020 _c50.00
035 _aB-065306
037 _aCen Lib / Ret
040 _aDPL
_bPN
082 _a260.35
_bਤਰਲੋ
100 _aਤਰਲੋਚਨ ਸਿੰਘ
_9128951
245 _aਗੁਰੂ ਦਰਸ਼ਨ :
_cਤਰਲੋਚਨ ਸਿੰਘ
_bਜੀਵਨੀ ਰਮ ਗੁਰੂ ਸਾਰਿਥਾਨ /
246 _aGuru darshan : biography of ten sikh gurus
_bby ਤਿਰਲੋਚਨ ਸਿੰਘ
260 _aਚੰਡੀਗੜ
_bਤਿਰਲੋਚਨ ਪੁਬ੍ਲੀਸ਼ੇਰ੍ਸ
_c2002
270 _aSCO 368, Sector 35-B,
_bChandigarh
300 _a79p.
_c22(Hb)
650 _aਪੰਜਾਬੀ ਸਾਹਿਤ
_9128952
650 _aਪੰਜਾਬੀ ਸਾਹਿਤ - ਰੁਹਾਨੀ ਆਧਾਰਿਤ ਸਿੱਖ ਧਰਮ ਜੀਵਨ
_913179
650 _aPunjabi Literature-Spiritual and Sikh religon life
_913180
942 _2ddc
_cPN
_h260.35
_mਤਰਲੋ
999 _c109770
_d109770